000 00775cam a22002653a 4500
001 524
003 PGUSA
005 20140828082949.0
008 060318s2006||||xxu|||||s|||||000 1 eng d
040 _aPGUSA
_beng
042 _adc
050 4 _aPR
100 1 _aWells, H. G.
_q(Herbert George),
_d1866-1946
245 1 0 _aAnn Veronica :
_bA Modern Love Story
_h[electronic resource] /
_cH. G. Wells
260 _bProject Gutenberg,
_c2006
506 _aPublic domain in the USA.
516 _aElectronic text
653 _aFeminism -- Fiction
653 _aGreat Britain -- Social conditions -- Fiction
653 _aLove stories
653 _aSex role -- Fiction
830 0 _aProject Gutenberg
_v524
856 4 0 _uhttp://www.gutenberg.org/ebooks/524
942 _cEB
999 _c229875
_d229875